000 00436nam a22001457a 4500
003 OSt
082 _a631.45
_bJOY/AS
088 _aT 522
100 _aJyothy Narayanan
_95113
245 _aAssessment of Lateral flow and base flow for effective interventions in water conservation
260 _aKCAET
_bDepartment of Soil and Water Conservation Engineering
_c2021
300 _a147 Pages
700 _asathian(Guide )
_95114
942 _cTH
999 _c17451
_d17451